000 00415nam a2200181Ia 4500
005 20250603150036.0
008 250603s9999 xx 000 0 und d
020 _a0- 596- 00252- 1
050 _aQA 76.76 .H94 V55/
100 _aVlist, Eric Van Der
245 0 _aXML schema
260 _aCalifornia
260 _bO'Reilly media
260 _c2002
300 _a379 p
650 _aCalifornia
942 _cBK
999 _c43590
_d43590